000 00434nam a2200133Ia 4500
008 100328s9999 xx 000 0 und d
082 _b14371
100 _aशारंगपाणी सरोजिनी
245 _aगुन्हेगारांचे जग
260 _bहंस
630 _aगुन्हेगारांचे जग
730 _aगुन्हेगारांचे जग
942 _cBOOK
999 _c509347
_d509344